| 000 | 00372cam a22001217a 4500 | ||
|---|---|---|---|
| 008 | 180718b1983 xxu||||| |||| 00| 0 eng d | ||
| 082 | _aP422x5461 P272 | ||
| 100 | _aPatel, S.P. | ||
| 245 |
_aEquality of educational opportunity in India: a myth or reality _cby S.P. Patel |
||
| 260 |
_aDelhi _bNational _c1983 |
||
| 300 | _a271p. | ||
| 650 | _aEducational equalization --India | ||
| 999 |
_c351669 _d351669 |
||